• 首页
  • 本馆介绍
  • 公告通知
  • 最新文献
  • 馆藏检索
  • 电子资源
  • 读者导购
  • 参考咨询
  • 我的图书馆
  • 登录
  • 详细信息显示
  • 放入我的书架
  • 预约/预借图书
  • 作者相关作品
  • 分类相关作品
  • 丛书相关作品
  • 出版社相关作品

书目信息

  • 表格格式
  • 工作单格式
  • 卡片格式
题名:
马克思的经济学手稿《导言》解说
    
 
作者: 王珏 , 刘炳瑛 , 沈连元 编著
分册:  
出版信息: 长沙   湖南人民出版社  1983
页数: 101页
开本: 19cm
丛书名:
单 册:
中图分类: A811.22
科图分类:
主题词: 马恩著作研究--单行本--1848~1863年
电子资源:
ISBN:
000 00780nam0 2200253 45
001 0183005923
005 20060727081749.06
010    @dCNY0.36
091    @a4109.161
100    @a19950626d1983 em y0chiy0121 ea
101 0  @achi
102    @aCN@b430000
105    @ay z 000yy
200 10 @a马克思的经济学手稿《导言》解说@Ama ke si de jing ji xue shou gao《 daoyan》 jie shuo@f王珏,刘炳瑛,沈连元编著@FWang Jue,Liu Bing Ying,Shen Lian Yuan Bian Zhu
210    @a长沙@c湖南人民出版社@d1983
215    @a101页@d19cm
606    @a马恩著作研究@x单行本@x1848~1863年
690    @aA811.22@v3
701  0 @a王珏@4编著
701  0 @a刘炳瑛@4编著
701  0 @a沈连元@4编著
801  0 @aCN@b上海图书馆@c20060727
801  2 @aCN@bNLC@c20060726
905    @f1@b213501@dA811.22@e115
    
    马克思的经济学手稿《导言》解说/王珏,刘炳瑛,沈连元编著.-长沙:湖南人民出版社,1983
    101页;19cm
    
    
    ISBN :CNY0.36
    
●
相关链接 在E读中查询图书 在五车中查询图书 在当当中查询图书 在豆瓣中查询图书


正题名:马克思的经济学手稿《导言》解说     索取号:A811.22/115         预约/预借

序号 登录号 条形码 馆藏地/架位号 状态 备注
1 0213501   000959154   第一样本阅览室/ [索取号:A811.22/115] 在馆    
2 0426745   204267453   密集书库/ [索取号:A811.22/115] 在馆    
3 0439833   204398339   密集书库/ [索取号:A811.22/115] 在馆    
唐山师范学院图书馆 欢迎您!
大连网信软件有限公司© 版权所有